Statistics for US Cities with Largest Populations 100 Miles Away

Click here to take the quiz!

General Stats

  • This quiz has been taken 147 times
    (145 since last reset)
  • The average score is 28 of 50

Answer Stats

PopulationStateCity% Correct
28,949,600New YorkNew York City
98%
18,552,960California Los Angeles
96%
28,219,660Pennsylvania Philadelphia
92%
10,897,420California San Francisco
90%
13,133,140Illinois Chicago
88%
6,849,659Texas Dallas
88%
12,015,100California San Diego
87%
10,723,480California San Jose
85%
9,077,400Ohio Cleveland
83%
29,482,560New Jersey Newark
83%
10,410,920Michigan Detroit
82%
10,223,910Massachusetts Boston
80%
7,232,490Georgia Atlanta
79%
15,933,130Maryland Baltimore
78%
10,919,340New York Buffalo
78%
11,190,870California Oakland
76%
7,417,684Ohio Cincinnati
75%
11,810,030- Washington
75%
11,037,580California Sacramento
74%
29,072,100New Jersey Jersey City
72%
7,060,754Florida Orlando
69%
6,597,929Florida Tampa
69%
12,317,040Wisconsin Milwaukee
66%
19,734,660California Long Beach
62%
7,063,027Virginia Richmond
60%
20,320,760California Anaheim
59%
20,141,190California Riverside
55%
19,636,900California San Bernardino
53%
28,141,100New York Yonkers
52%
7,161,941New York Rochester
50%
10,291,010Ohio Toledo
50%
7,020,196California Bakersfield
48%
20,585,770California Santa Ana
48%
20,740,350California Irvine
40%
6,645,440Texas Arlington
38%
11,643,340California Stockton
38%
6,797,439North Carolina Greensboro
36%
12,870,000Illinois Aurora
34%
10,270,750California Chula Vista
30%
6,635,581Texas Plano
28%
6,681,814Texas Irving
26%
11,763,110California Modesto
23%
15,946,810California Oxnard
22%
11,140,981California Fremont
21%
20,482,570California Huntington Beach
21%
6,577,281North Carolina Winston–Salem
21%
6,816,655Texas Garland
15%
18,575,700California Glendale
14%
19,876,720California Fontana
12%
20,074,670California Moreno Valley
9%

Score Distribution

Percentile by Number Answered

Percent of People with Each Score

Your Score History

You have not taken this quiz since the last reset